000 01130cam a22003377a 4500
003 CHAP
005 20220329142325.0
008 000626d1994 mx a r 00110 eng d
010 _a81724
011 _a82696
020 _a9686923206
035 _a93197
040 _cCHAP
090 _aFolleto 15878
100 0 0 _aListman, G. M.
_967104
245 1 0 _aSeed, soil, and science :
_bnetworking for sustainable maize farming in Central America and the Caribbean
_c/by G.M. Listman
260 _aMéxico, D. F. :
_bCentro Internacional de Mejoramiento de Maíz y Trigo,
_c1994.
300 _a16 p. :
_bilus.
590 _aBATCH-UPD
_b10
_c20130110
_lUCH01
_h0317
590 _aBATCH-UPD
_b10
_c20130409
_lUCH01
_h2350
590 _aBATCH-UPD
_b10
_c20130410
_lUCH01
_h1621
590 _aBATCH-UPD
_b10
_c20130914
_lUCH01
_h1726
590 _aCONVERSION
_b10
_c20130109
_lUCH01
_h1345
650 1 4 _aMaíz
_xAmérica Central.
_970857
650 1 4 _aMaíz
_xCaribe.
_970897
650 1 4 _aMaíz
_xSemilla.
_971059
901 _aBK
905 _aLilia Sánchez G.
942 _cFOLL
949 _aFolleto 15878
_bBC
_cFOLL
_d931971
_eTS1
_i93197
_sb
999 _c81724
_d81724